Countries With a B and H - Statistics

General Stats
  • This quiz has been taken 55 times
  • The average score is 6 of 8
Answer Stats
Answer % Correct
Bhutan
93%
Bosnia and Herzegovina
85%
Bahamas
83%
Bahrain
80%
Bangladesh
80%
D.R. Congo
68%
Republic of the Congo
63%
Czech Republic
55%
No matching quizzes found
Score Distribution
Percent of People with Each Score
Percentile by Number Answered
Your Score History
You have not taken this quiz